000 00622nam a2200217Ia 4500
008 101110s9999 xx 000 0 und d
041 _aENGLISH
082 _bSR32557
100 _aOrr Clyde
245 _aFiltration :principles and practices (in two parts) part-I
260 _c1977
_bMarcel Dekkar Inc, Newyork
300 _a534
365 _b3162.66
520 _aCommerce
546 _aENGLISH
630 _aFiltration :principles and practices (in two parts) part-I
650 _aCommerce
655 _aCommerce
730 _aFiltration :principles and practices (in two parts) part-I
942 _cBOOK
999 _c825058
_d825055